| 000 | 00421 a2200133 4500 | ||
|---|---|---|---|
| 001 | 87785 | ||
| 082 | _aPR 162 | ||
| 090 |
_c41245 _d41245 |
||
| 100 | _aAbdul Hannan, Plt Off 15503 70 EC | ||
| 245 | _aRadar cross section evaluation of JF-17 Aircraft using "FEKO" Software | ||
| 260 |
_aRisalpur _bNUST Risalpur _c2011 |
||
| 300 |
_axi, 87p. _eIqbal Rasool, Gp Capt ;Jahangir Kayani, Gp Capt |
||
| 500 | _aBE Project Reports | ||
| 942 |
_aCAE NUST _kPR 162 |
||
| 999 |
_c322858 _d322858 |
||